LEADER 00941cam2 2200277 450 001 E600200061567 005 20230530065228.0 100 $a20100315d1967 |||||ita|0103 ba 101 $ager 102 $aCH 200 1 $a<<1: >>Strukturen$fhrsg. von Otto Mann$gWolfgang Rothe 205 $a5. veränderte und erweiterte Auflage 210 $aBern$aMünchen$cFrancke Verlag$d1967 215 $a390 p.$d23 cm 461 1$1001E600200061565$12000 $aDeutsche Literatur im 20. Jahrhundert 702 1$aMann, Otto$3A600200060444$4070 702 1$aRothe, Wolfgang$3A600200042253$4070 801 0$aIT$bUNISOB$c20230530$gRICA 850 $aUNISOB 852 $aUNISOB$j830|Let$m32475 912 $aE600200061567 940 $aM 102 Monografia moderna SBN 941 $aM 957 $a830|Let$b000009$i-1$gCON$d32475$racquisto$1beth$2UNISOB$3UNISOB$420100315085505.0$520230530065228.0$6Spinosa 996 $aStrukturen$91705434 997 $aUNISOB